000 00339 a2200109 4500
001 ART_59628
005 20260410161948.0
008 260409a
245 1 0 _aLos servicios discontinuos. Novedades legislativas
100 1 _aBlanco, Mariela
773 0 _tTemas de derecho laboral
_g- Año 9, N° 11 (nov. 2023)
_wREV27619
999 _c30128
_d30128